000 01100nam a22002657a 4500
005 20240530110513.0
008 151216s2013 ua g b 000 0 ara d
017 _a2012/15959
_bمصر . دار الكتب المصرية
020 _a9789776413054
040 _aEG-CaGPL
082 0 4 _221
_a362.88\
_bض د
100 0 _aضياء الدين ابراهيم احمد نجم .
245 1 0 _aدور الخدمة الاجتماعية فى وقاية الطلاب من التطرف /
_cضياء الدين ابراهيم احمد نجم .
250 _aط1.
260 _aالاسكندرية :
_bدار الوفاء لدنيا الطباعة و النشر ،
_c2013 .
300 _a275 ص ؛
_c24 سم .
504 _aببليوجرافية : ص 247 - 266
650 0 4 _aالخدمة الاجتماعية .
650 0 4 _aالجدمة الاجتماعية المدرسية .
650 0 4 _aالتطرف .
650 0 4 _aالطلبة
_xنشاط اجتماعى .
650 0 4 _aالخدمة الاجتماعية للشباب .
942 _2ddc
_cBK
999 _c61715
_d61715